[Event "II Festival Capo d'Orso"]
[Site "Portomannu - Palau ITA"]
[Date "2008.05.20"]
[Round "4"]
[White "Motzer, Heinrich"]
[Black "Bonanno, Alessandro"]
[Result "1/2-1/2"]
[WhiteElo "2004"]
[BlackElo "2142"]
[PlyCount "62"]
[EventDate "2008.05.17"]

1. c4 Nf6 2. Nc3 g6 3. g3 Bg7 4. Bg2 O-O 5. d3 d6 6. Nf3 e5 7. O-O c6 8. Rb1 a5
9. a3 Qe7 10. Nd2 Be6 11. b4 axb4 12. axb4 d5 13. b5 Nbd7 14. Qc2 Rfd8 15. Bb2
Nf8 16. Ra1 d4 17. Nce4 N6d7 18. bxc6 bxc6 19. h4 h6 20. Nf3 f5 21. Ned2 g5 22.
hxg5 hxg5 23. Rxa8 Rxa8 24. Ra1 Rxa1+ 25. Bxa1 g4 26. Ne1 c5 27. Qa4 Qg5 28.
Nb3 f4 29. Nc2 Bf5 30. Qc6 fxg3 31. fxg3 Ng6 1/2-1/2

[Event "II Festival Capo d'Orso"]
[Site "Portomannu - Palau ITA"]
[Date "2008.05.20"]
[Round "4"]
[White "Naumkin, Igor"]
[Black "Galassi, Federico"]
[Result "1-0"]
[WhiteElo "2494"]
[BlackElo "2145"]
[PlyCount "67"]
[EventDate "2008.05.17"]

1. d4 g6 2. c4 Bg7 3. e4 d6 4. Nc3 Nf6 5. Nf3 O-O 6. Be2 e5 7. O-O Nc6 8. d5
Ne7 9. b4 Nh5 10. Re1 f5 11. Ng5 Nf6 12. Bf3 c6 13. Bb2 cxd5 14. cxd5 h6 15.
Ne6 Bxe6 16. dxe6 fxe4 17. Nxe4 Nxe4 18. Rxe4 Qb6 19. Qb3 d5 20. Rxe5 Bxe5 21.
Bxe5 Qxe6 22. Re1 Kh7 23. h4 Rad8 24. h5 Rd7 25. Bd1 Qf7 26. Bd4 Nf5 27. hxg6+
Qxg6 28. Bc2 Kg8 29. Bc5 Rff7 30. Re5 Qg4 31. Qd3 Rg7 32. Re8+ Kf7 33. Rf8+ Ke6
34. Qxf5+ 1-0

[Event "II Festival Capo d'Orso"]
[Site "Portomannu - Palau ITA"]
[Date "2008.05.20"]
[Round "4"]
[White "Neri, Enzo"]
[Black "Kekki, Petri"]
[Result "0-1"]
[WhiteElo "2084"]
[BlackElo "2411"]
[PlyCount "46"]
[EventDate "2008.05.17"]

1. d4 d5 2. Nf3 Nf6 3. c4 dxc4 4. Nc3 Nd5 5. Qa4+ Nc6 6. Qxc4 Ndb4 7. Qb3 Be6
8. Qd1 Nxd4 9. Nxd4 Qxd4 10. Qxd4 Nc2+ 11. Kd1 Nxd4 12. e3 Bg4+ 13. Kd2 Nc6 14.
Bb5 O-O-O+ 15. Kc2 Bf5+ 16. e4 Nd4+ 17. Kb1 Nxb5 18. exf5 Nxc3+ 19. bxc3 Rd5
20. g4 h5 21. g5 Rxf5 22. Be3 e6 23. f4 Bd6 0-1

[Event "II Festival Capo d'Orso"]
[Site "Portomannu - Palau ITA"]
[Date "2008.05.20"]
[Round "4"]
[White "Pagano, Nunzio"]
[Black "Schaefer, Michael"]
[Result "0-1"]
[WhiteElo "2008"]
[BlackElo "2194"]
[PlyCount "88"]
[EventDate "2008.05.17"]

1. b4 e5 2. Bb2 Bxb4 3. f4 d6 4. Nf3 Nc6 5. c3 Bc5 6. d4 exd4 7. cxd4 Bb4+ 8.
Nc3 d5 9. Qb3 Nf6 10. e3 O-O 11. Ne5 Ne4 12. Nxc6 Bxc3+ 13. Bxc3 bxc6 14. g3
Re8 15. Ba5 c5 16. dxc5 d4 17. O-O-O Qe7 18. exd4 Nf2 19. Re1 Be6 20. Bg2 Rab8
21. Qc2 Nxh1 22. Bxh1 Qf6 23. Bxc7 Bf5 24. Rxe8+ Rxe8 25. Qa4 Qe7 26. Be5 f6
27. Bd5+ Kh8 28. Bc6 Rc8 29. Bd6 Qe1+ 30. Kb2 Qd2+ 31. Ka3 Qc3+ 32. Qb3 Qxb3+
33. axb3 Rxc6 34. Kb4 Be6 35. Bb8 a6 36. Ba7 Kg8 37. Bb6 Kf7 38. Ka4 g6 39. b4
Bc4 40. Ka5 Ke6 41. g4 Kd5 42. g5 fxg5 43. fxg5 Kxd4 44. Bd8 Re6 0-1

[Event "II Festival Capo d'Orso"]
[Site "Portomannu - Palau ITA"]
[Date "2008.05.20"]
[Round "4"]
[White "Piscopo, Pierluigi"]
[Black "Ferrario, Enrico"]
[Result "1-0"]
[WhiteElo "2379"]
[BlackElo "1979"]
[PlyCount "43"]
[EventDate "2008.05.17"]

1. e4 Nc6 2. Nf3 d6 3. d4 Nf6 4. Nc3 g6 5. Be3 Bg7 6. Qd2 Ng4 7. Bg5 f6 8. Bh4
g5 9. Bg3 h5 10. h4 gxh4 11. Nxh4 Bh6 12. Qd1 Rg8 13. Nf5 Bxf5 14. exf5 Rg5 15.
Bc4 Na5 16. Be6 c6 17. Bf4 Qb6 18. Bxg5 Bxg5 19. Rxh5 Kd8 20. Rh8+ Kc7 21. Rxa8
Qxb2 22. Rc8+ 1-0

[Event "II Festival Capo d'Orso"]
[Site "Portomannu - Palau ITA"]
[Date "2008.05.20"]
[Round "4"]
[White "Puzzoni, Christian"]
[Black "Rowson, Jonathan"]
[Result "0-1"]
[WhiteElo "2114"]
[BlackElo "2582"]
[PlyCount "67"]
[EventDate "2008.05.17"]

1. e4 c5 2. Nf3 e6 3. b4 cxb4 4. d4 Nf6 5. Bd3 b6 6. e5 Nd5 7. a3 Bb7 8. O-O
Be7 9. Re1 a5 10. Be4 Na6 11. Nfd2 O-O 12. Nf3 Nac7 13. c4 bxc3 14. Qc2 g6 15.
Bh6 Re8 16. Nxc3 Nxc3 17. Bxb7 Rb8 18. Qxc3 Rxb7 19. Qd2 d6 20. Qe2 b5 21. h4
Nd5 22. Ng5 b4 23. Qg4 dxe5 24. dxe5 b3 25. Rad1 b2 26. Ne4 Qb8 27. Nd2 Nc3 28.
Nb1 Nxd1 29. Qxd1 Bxh4 30. Qa4 Be7 31. Bd2 Rc8 32. Qxa5 Qa8 33. Qxa8 Rxa8 34.
Bc3 0-1

[Event "II Festival Capo d'Orso"]
[Site "Portomannu - Palau ITA"]
[Date "2008.05.20"]
[Round "4"]
[White "Scalcione, Michelangelo"]
[Black "Chiarotto, Filippo"]
[Result "1-0"]
[WhiteElo "2455"]
[BlackElo "2084"]
[PlyCount "75"]
[EventDate "2008.05.17"]

1. Nf3 Nf6 2. c4 e6 3. Nc3 Nc6 4. a3 d6 5. d4 g6 6. g3 Bg7 7. Bg2 O-O 8. O-O
Re8 9. e3 e5 10. d5 Ne7 11. e4 Nh5 12. Ne1 Bd7 13. b4 Qc8 14. Nd3 Bh3 15. c5
Bxg2 16. Kxg2 f5 17. f3 Qd7 18. b5 Kh8 19. c6 bxc6 20. bxc6 Nxc6 21. dxc6 Qxc6
22. Nd5 Nf6 23. N3b4 Qd7 24. Bg5 Nxd5 25. Qxd5 h6 26. Be3 a5 27. Nc6 a4 28.
Rab1 Rf8 29. h3 Kh7 30. Rfd1 Bf6 31. Rb7 Qf7 32. Qxf7+ Rxf7 33. Rxd6 Ra6 34.
Re6 Bg5 35. Bxg5 hxg5 36. Nd8 Rxe6 37. Nxe6 Re7 38. Rxc7 1-0

[Event "II Festival Capo d'Orso"]
[Site "Portomannu - Palau ITA"]
[Date "2008.05.20"]
[Round "4"]
[White "Vita, Fabrizio"]
[Black "Fierro Baquero, Martha Lorena"]
[Result "0-1"]
[WhiteElo "2082"]
[BlackElo "2375"]
[PlyCount "82"]
[EventDate "2008.05.17"]

1. d4 g6 2. c4 Bg7 3. e4 d6 4. Nc3 Nf6 5. f4 O-O 6. Nf3 c5 7. d5 e6 8. Be2 exd5
9. cxd5 Bg4 10. O-O Re8 11. h3 Bxf3 12. Bxf3 Nbd7 13. a4 a6 14. a5 b5 15. axb6
Qxb6 16. Qe2 Nxe4 17. Nxe4 f5 18. Qc2 fxe4 19. Bxe4 c4+ 20. Kh1 Qd4 21. Bf3 Nc5
22. f5 gxf5 23. Qxf5 Rf8 24. Qg4 Qxg4 25. hxg4 Nd3 26. Ra2 Bd4 27. Kh2 Rf7 28.
Rd1 Be5+ 29. Kg1 Rb8 30. Rxa6 Nxb2 31. Bxb2 Rxb2 32. Be4 c3 33. Rc6 Kg7 34. Bf5
h5 35. Rc8 Kh6 36. Be6 Rff2 37. g5+ Kxg5 38. Rg8+ Kh6 39. Rc1 h4 40. Rg4 Bf6
41. Bf7 Bg5 0-1

[Event "II Festival Capo d'Orso"]
[Site "Portomannu - Palau ITA"]
[Date "2008.05.20"]
[Round "4"]
[White "Zoldan, Matteo"]
[Black "Houweling, Bert"]
[Result "1-0"]
[WhiteElo "2208"]
[BlackElo "2032"]
[PlyCount "81"]
[EventDate "2008.05.17"]

1. c4 e5 2. Nc3 Nf6 3. e3 d5 4. cxd5 Nxd5 5. Nf3 Nxc3 6. bxc3 Bd6 7. d4 Nc6 8.
Bb5 Bd7 9. e4 O-O 10. O-O a6 11. Ba4 Qe8 12. d5 Na5 13. Bxd7 Qxd7 14. Nh4 Nc4
15. Nf5 g6 16. Qg4 Kh8 17. Bh6 Rad8 18. Bxf8 Rxf8 19. Qe2 gxf5 20. Qxc4 fxe4
21. Qxe4 f5 22. Qe2 a5 23. Rab1 b6 24. c4 Qe7 25. Rfe1 e4 26. Rb3 Re8 27. Qh5
f4 28. Rh3 e3 29. fxe3 fxe3 30. Kh1 Rf8 31. Rf3 Rxf3 32. Qxf3 Bc5 33. Qf5 Qh4
34. Qc8+ Kg7 35. Qxc7+ Kg6 36. Qc6+ Kg5 37. Rf1 Qf2 38. Rxf2 exf2 39. h4+ Kf4
40. Qf6+ Ke3 41. g4 1-0

[Event "II Festival Capo d'Orso"]
[Site "Portomannu - Palau ITA"]
[Date "2008.05.20"]
[Round "5"]
[White "Aagaard, Jacob"]
[Black "De Vreugt, Dennis"]
[Result "1/2-1/2"]
[WhiteElo "2533"]
[BlackElo "2403"]
[PlyCount "71"]
[EventDate "2008.05.17"]

1. e4 e6 2. d4 d5 3. Nc3 dxe4 4. Nxe4 Nf6 5. Nxf6+ Qxf6 6. Nf3 h6 7. Bd3 Nd7 8.
Qe2 a6 9. Be3 b5 10. Be4 Rb8 11. O-O-O Bd6 12. Kb1 Bb7 13. Bxb7 Rxb7 14. Ne5
Nb6 15. f4 Nd5 16. Bc1 Bxe5 17. dxe5 Qe7 18. f5 h5 19. c4 bxc4 20. Qxc4 O-O 21.
fxe6 c6 22. exf7+ Qxf7 23. Ka1 Qe6 24. a3 Rf2 25. Rd2 Rbf7 26. Rhd1 a5 27. Qa6
Rxd2 28. Rxd2 Rf5 29. Re2 Rxe5 30. Rxe5 Qxe5 31. Qxa5 Qxh2 32. Qd8+ Kh7 33. Qg5
Kg8 34. Qd8+ Kh7 35. Qg5 Kg8 36. Qd8+ 1/2-1/2

[Event "II Festival Capo d'Orso"]
[Site "Portomannu - Palau ITA"]
[Date "2008.05.20"]
[Round "5"]
[White "Adrian, Claude"]
[Black "Bove, Alessandro"]
[Result "1/2-1/2"]
[WhiteElo "2279"]
[BlackElo "2215"]
[PlyCount "141"]
[EventDate "2008.05.17"]

1. c4 Nf6 2. Nc3 Nc6 3. g3 g6 4. Bg2 Bg7 5. d4 d6 6. Nf3 O-O 7. d5 Ne5 8. Nxe5
dxe5 9. O-O Nd7 10. e4 a5 11. Be3 f5 12. exf5 gxf5 13. f4 Ra6 14. c5 e4 15. c6
Nf6 16. Qb3 bxc6 17. dxc6+ Kh8 18. Rfd1 Qe8 19. Nd5 Rxc6 20. Nxf6 Bxf6 21. Bf1
Be6 22. Qa4 Rd6 23. Qxa5 Bxb2 24. Rxd6 cxd6 25. Rb1 Bf6 26. a4 Qc6 27. Qb4 Qc3
28. Bb6 Rb8 29. Qxc3 Bxc3 30. a5 Kg8 31. Rc1 Rxb6 32. axb6 Bd4+ 33. Kg2 Bxb6
34. Bc4 Kf7 35. Kf1 Be3 36. Bxe6+ Kxe6 37. Rc8 Bd4 38. Ke2 Bf6 39. Ra8 d5 40.
Ra6+ Kd7 41. Ke3 Ke8 42. Ra5 e6 43. Ra7 d4+ 44. Kd2 Be7 45. Rb7 h5 46. Ke2 h4
47. Kd2 hxg3 48. hxg3 Bd6 49. Ke2 Bc5 50. Kd2 d3 51. g4 Bd6 52. Ke3 Bc5+ 53.
Kd2 Bd6 54. Ke3 fxg4 55. Kxe4 d2 56. Rb1 Ke7 57. Rd1 Bb4 58. Kd3 Kf6 59. Ke2
Kf5 60. Rb1 Bd6 61. Kxd2 Bxf4+ 62. Ke2 e5 63. Rb8 Bg5 64. Rf8+ Ke4 65. Ra8 Kf4
66. Rf8+ Kg3 67. Rg8 Be7 68. Ke3 Bc5+ 69. Ke2 Kh3 70. Rh8+ Kg2 71. Rh6 1/2-1/2

[Event "II Festival Capo d'Orso"]
[Site "Portomannu - Palau ITA"]
[Date "2008.05.20"]
[Round "5"]
[White "Agrifoglio, Fabio"]
[Black "Brunello, Sabino"]
[Result "0-1"]
[WhiteElo "2004"]
[BlackElo "2475"]
[PlyCount "90"]
[EventDate "2008.05.17"]

1. d4 Nf6 2. Nf3 e6 3. c4 b6 4. g3 Ba6 5. Qc2 d5 6. Ne5 Bd6 7. Bg2 O-O 8. O-O
c5 9. cxd5 Nxd5 10. Nc3 cxd4 11. Nxd5 exd5 12. Nxf7 Rxf7 13. Bxd5 Bb7 14. Bxf7+
Kxf7 15. Qc4+ Kf8 16. Qxd4 Nc6 17. Qd3 Qf6 18. Bg5 Qe6 19. Rad1 Bc5 20. Qd7
Qxd7 21. Rxd7 Ba6 22. Be3 Bxe2 23. Bxc5+ bxc5 24. Rc1 c4 25. f4 Nb4 26. a3 Nd3
27. Rc2 Bg4 28. Rd5 Re8 29. Rxc4 Be6 30. Rxd3 Bxc4 31. Rd2 Bb3 32. Kf2 a5 33.
Kf3 a4 34. h4 Ke7 35. Rd4 Rd8 36. Rb4 Rd3+ 37. Kf2 h5 38. Rb7+ Kf6 39. Rb6+ Kf5
40. Rb5+ Rd5 41. Rb7 g6 42. Rb6 Bc2 43. Rc6 Be4 44. Rb6 Rd2+ 45. Ke3 Rd3+ 0-1

[Event "II Festival Capo d'Orso"]
[Site "Portomannu - Palau ITA"]
[Date "2008.05.20"]
[Round "5"]
[White "Barbafiera, Luigi"]
[Black "Hess, Christian Mathias"]
[Result "0-1"]
[WhiteElo "1986"]
[BlackElo "2281"]
[PlyCount "51"]
[EventDate "2008.05.17"]

1. c4 e5 2. Nc3 Nf6 3. g3 d5 4. cxd5 Nxd5 5. Bg2 Nb6 6. Nf3 Nc6 7. O-O Be7 8.
a3 O-O 9. d3 Be6 10. b4 f6 11. Bb2 a5 12. b5 Nd4 13. Nxd4 exd4 14. Na4 Bd5 15.
Nxb6 cxb6 16. Qa4 Bxg2 17. Kxg2 Bc5 18. Qc4+ Kh8 19. a4 Re8 20. e3 dxe3 21. d4
Bb4 22. fxe3 Rxe3 23. Rac1 Qe8 24. Rc2 Qe4+ 25. Kh3 Rf8 26. Rf4 0-1

[Event "II Festival Capo d'Orso"]
[Site "Portomannu - Palau ITA"]
[Date "2008.05.20"]
[Round "5"]
[White "Bonanno, Alessandro"]
[Black "Fragni, Enrico"]
[Result "1-0"]
[WhiteElo "2142"]
[BlackElo "1709"]
[PlyCount "115"]
[EventDate "2008.05.17"]

1. e4 c6 2. d4 d6 3. f4 Nf6 4. Nc3 Bg4 5. Nf3 Nbd7 6. Be2 Bxf3 7. Bxf3 e5 8.
Be3 Be7 9. Qe2 Qc7 10. O-O-O b5 11. g4 b4 12. Nb1 Qa5 13. g5 Ng8 14. Qc4 Qb5
15. Qxb5 cxb5 16. Be2 a6 17. Nd2 f6 18. h4 h5 19. Nf3 Bd8 20. dxe5 dxe5 21.
fxe5 fxe5 22. Rd2 g6 23. Rhd1 Rh7 24. Bf1 Rc8 25. Bh3 Rc7 26. Bxd7+ Rcxd7 27.
Rxd7 Rxd7 28. Rxd7 Kxd7 29. Nxe5+ Ke6 30. Nxg6 Ne7 31. Nxe7 Bxe7 32. Bf4 Kf7
33. Kd2 Bc5 34. Bg3 Bd4 35. c3 bxc3+ 36. bxc3 Bc5 37. Kd3 Ke6 38. Ke2 Bf8 39.
Bf2 Ke5 40. Kf3 Ke6 41. Bd4 Kf7 42. Kf4 Ke6 43. Bf6 Bd6+ 44. e5 Ba3 45. g6 Bc1+
46. Ke4 Ba3 47. g7 Kf7 48. e6+ Kg8 49. e7 Bxe7 50. Bxe7 Kxg7 51. Kf5 Kf7 52.
Bc5 Kg7 53. Kg5 Kh7 54. Kxh5 Kg7 55. Bd4+ Kh7 56. Kg5 a5 57. h5 a4 58. a3 1-0

[Event "II Festival Capo d'Orso"]
[Site "Portomannu - Palau ITA"]
[Date "2008.05.20"]
[Round "5"]
[White "Byron, Alan M."]
[Black "Piscopo, Pierluigi"]
[Result "0-1"]
[WhiteElo "2201"]
[BlackElo "2379"]
[PlyCount "70"]
[EventDate "2008.05.17"]

1. c4 e5 2. Nc3 Nc6 3. Nf3 Nf6 4. g3 h6 5. Bg2 e4 6. Ng1 Qe7 7. Qa4 Qe5 8. d4
Nxd4 9. Bf4 Qf5 10. O-O-O Ne6 11. Bh3 Qc5 12. Be3 Qc6 13. Qxc6 dxc6 14. Bg2 Ng4
15. Nxe4 Nxe3 16. fxe3 Nc5 17. Rd4 Bf5 18. g4 Bh7 19. Ng3 Ne6 20. Rd1 Bc5 21.
e4 Nf4 22. Bf3 O-O 23. h4 Ng6 24. Nf5 Ne5 25. b3 Rfe8 26. Nh3 Nxg4 27. Rd7 Nf6
28. Rxc7 Nxe4 29. Bh5 Bxf5 30. Bxf7+ Kh8 31. Bxe8 Rxe8 32. Rxb7 Nd6 33. Nf4 Bb6
34. Ng6+ Bxg6 35. Rd7 Rxe2 0-1

[Event "II Festival Capo d'Orso"]
[Site "Portomannu - Palau ITA"]
[Date "2008.05.20"]
[Round "5"]
[White "Calandri, Fausto"]
[Black "Naumkin, Igor"]
[Result "0-1"]
[WhiteElo "2123"]
[BlackElo "2494"]
[PlyCount "84"]
[EventDate "2008.05.17"]

1. e4 e5 2. Nf3 Nc6 3. d4 exd4 4. Nxd4 Bc5 5. Nxc6 Qf6 6. Qd2 dxc6 7. Nc3 Ne7
8. Qf4 Be6 9. Qxf6 gxf6 10. f4 O-O-O 11. Bd2 f5 12. O-O-O Bd4 13. Bd3 a6 14.
Ne2 Bc5 15. Nc3 Bd4 16. Ne2 fxe4 17. Nxd4 exd3 18. Nxe6 fxe6 19. Rde1 Rd6 20.
cxd3 Rg8 21. g3 Kd7 22. Kc2 Rd5 23. Re2 Rg6 24. Bc3 Rh5 25. Rhe1 Rh3 26. Bd4 h5
27. Rg1 h4 28. Reg2 hxg3 29. hxg3 Nd5 30. Kd2 b6 31. Be5 c5 32. g4 Ne3 33. f5
exf5 34. Rg3 Rxg3 35. Bxg3 Nxg4 36. Rf1 Ne3 37. Kxe3 Rxg3+ 38. Kd2 Rg2+ 39. Kc3
Ke6 40. a3 a5 41. b4 cxb4+ 42. axb4 a4 0-1

[Event "II Festival Capo d'Orso"]
[Site "Portomannu - Palau ITA"]
[Date "2008.05.20"]
[Round "5"]
[White "Chiarotto, Filippo"]
[Black "Di Dario, Dario"]
[Result "1-0"]
[WhiteElo "2084"]
[BlackElo "1586"]
[PlyCount "69"]
[EventDate "2008.05.17"]

1. e4 d6 2. d4 Nf6 3. Nc3 Nc6 4. Nf3 Bg4 5. Be3 e5 6. d5 Ne7 7. Qd2 Nd7 8. Be2
h6 9. h3 Bxf3 10. Bxf3 Ng8 11. O-O-O Nb6 12. Be2 Nf6 13. f4 exf4 14. Bxf4 g5
15. Be3 Qe7 16. Bd4 Bg7 17. Rdf1 O-O-O 18. Bd3 Rhg8 19. Qf2 Nbd7 20. Bxa7 Ne5
21. Qf5+ Nfd7 22. Bb5 Rdf8 23. Rd1 Ng6 24. Bd4 Nh4 25. Qg4 f5 26. exf5 Nxf5 27.
Rhe1 Ne5 28. Bxe5 Bxe5 29. Qa4 Kb8 30. Re4 Ng3 31. Rb4 Rf4 32. Bc6 Rxb4 33.
Qxb4 Bf4+ 34. Kb1 b6 35. Qa4 1-0

[Event "II Festival Capo d'Orso"]
[Site "Portomannu - Palau ITA"]
[Date "2008.05.20"]
[Round "5"]
[White "Cocchi, Andrea"]
[Black "Hocevar, Nikola"]
[Result "1/2-1/2"]
[WhiteElo "2316"]
[BlackElo "2111"]
[PlyCount "40"]
[EventDate "2008.05.17"]

1. e4 c5 2. b3 d6 3. Bb2 Nc6 4. Nc3 Nf6 5. g3 g6 6. Bg2 Bg7 7. Nge2 O-O 8. O-O
e6 9. f4 d5 10. e5 Ng4 11. h3 Nh6 12. Qe1 f6 13. exf6 Bxf6 14. Na4 Nb4 15. Bxf6
Qxf6 16. Qc1 b6 17. a3 Nc6 18. Qb2 Ba6 19. Qxf6 Rxf6 20. d3 Nf5 1/2-1/2

[Event "II Festival Capo d'Orso"]
[Site "Portomannu - Palau ITA"]
[Date "2008.05.20"]
[Round "5"]
[White "De Jong, Jan-Willem"]
[Black "Guanciale, Orazio"]
[Result "1-0"]
[WhiteElo "2474"]
[BlackElo "2182"]
[PlyCount "49"]
[EventDate "2008.05.17"]

1. d4 f5 2. g3 Nf6 3. Bg2 d6 4. Nh3 g6 5. Nc3 c6 6. Nf4 e5 7. dxe5 dxe5 8.
Qxd8+ Kxd8 9. Nd3 Bd6 10. e4 Be6 11. Bg5 Ke7 12. f4 Nbd7 13. O-O-O h6 14. Bh4
Kf7 15. exf5 Bxf5 16. Bxf6 Kxf6 17. g4 Bxg4 18. Ne4+ Kg7 19. Nxd6 Bxd1 20. Rxd1
e4 21. Bxe4 Nf6 22. Nc5 Nxe4 23. Ndxe4 h5 24. Rd7+ Kh6 25. Ng5 1-0

[Event "II Festival Capo d'Orso"]
[Site "Portomannu - Palau ITA"]
[Date "2008.05.20"]
[Round "5"]
[White "Djuric, Stefan"]
[Black "Dehmel, Jens"]
[Result "1/2-1/2"]
[WhiteElo "2460"]
[BlackElo "2122"]
[PlyCount "52"]
[EventDate "2008.05.17"]

1. e4 e6 2. d4 d5 3. e5 c5 4. c3 Nc6 5. Nf3 Nh6 6. Bd3 cxd4 7. cxd4 f6 8. O-O
Nf7 9. Re1 fxe5 10. Nxe5 Qf6 11. Nc3 Nfxe5 12. dxe5 Qf7 13. Nb5 a6 14. Qa4 Rb8
15. Nd6+ Bxd6 16. exd6 O-O 17. Qh4 h6 18. Bxh6 gxh6 19. Qxh6 Qg7 20. Qh5 e5 21.
Re3 Bg4 22. Qh4 Bf3 23. Rxf3 Rxf3 24. Bh7+ Qxh7 25. Qg4+ Qg7 26. Qxf3 e4
1/2-1/2

[Event "II Festival Capo d'Orso"]
[Site "Portomannu - Palau ITA"]
[Date "2008.05.20"]
[Round "5"]
[White "Fierro Baquero, Martha Lorena"]
[Black "Zoldan, Matteo"]
[Result "1-0"]
[WhiteElo "2375"]
[BlackElo "2208"]
[PlyCount "65"]
[EventDate "2008.05.17"]

1. e4 c5 2. Nf3 d6 3. d4 cxd4 4. Nxd4 Nf6 5. Nc3 e6 6. Be3 a6 7. f3 Be7 8. Qd2
Nc6 9. O-O-O O-O 10. g4 Nd7 11. Kb1 Nde5 12. Qg2 Nxd4 13. Bxd4 Nc6 14. Be3 b5
15. g5 Bd7 16. h4 Na7 17. Bd3 b4 18. Ne2 Nb5 19. h5 Rb8 20. e5 dxe5 21. g6 fxg6
22. hxg6 h6 23. Bxh6 gxh6 24. Rxh6 Bg5 25. Rh5 Nc3+ 26. Nxc3 bxc3 27. b3 e4 28.
Bxe4 Rb5 29. g7 Kxg7 30. Rxd7+ Kf6 31. Rxd8 Rxd8 32. Bd3 Re5 33. Rh1 1-0

[Event "II Festival Capo d'Orso"]
[Site "Portomannu - Palau ITA"]
[Date "2008.05.20"]
[Round "5"]
[White "Galassi, Federico"]
[Black "Simone, Marco"]
[Result "1-0"]
[WhiteElo "2145"]
[BlackElo "1867"]
[PlyCount "45"]
[EventDate "2008.05.17"]

1. e4 e6 2. d4 d5 3. Nd2 Nf6 4. e5 Nfd7 5. Bd3 c5 6. c3 Qb6 7. Ngf3 f6 8. O-O
Be7 9. Qc2 f5 10. c4 Nc6 11. a3 Nxd4 12. Nxd4 cxd4 13. Nf3 dxc4 14. Bxc4 Qc7
15. Nxd4 Qxe5 16. Nxe6 Nb6 17. Bf4 Qxe6 18. Bxe6 Bxe6 19. Rfe1 Rc8 20. Qe2 Rc6
21. Rac1 Nd5 22. Rxc6 Nxf4 23. Rxe6 1-0

[Event "II Festival Capo d'Orso"]
[Site "Portomannu - Palau ITA"]
[Date "2008.05.20"]
[Round "5"]
[White "Glienke, Manfred"]
[Black "Diotallevi, Maurizio"]
[Result "1/2-1/2"]
[WhiteElo "2301"]
[BlackElo "2096"]
[PlyCount "114"]
[EventDate "2008.05.17"]

1. d4 Nf6 2. Nf3 d5 3. c4 e6 4. Nc3 Be7 5. g3 O-O 6. Bg2 dxc4 7. Qa4 a6 8. Qxc4
b5 9. Qd3 Bb7 10. O-O Nbd7 11. Bf4 c5 12. Ne5 Bxg2 13. Kxg2 Rc8 14. Nxd7 Qxd7
15. Rfd1 Rfd8 16. dxc5 Qxd3 17. Rxd3 Rxd3 18. exd3 Bxc5 19. Rc1 Bd4 20. Ne2
Rxc1 21. Bxc1 Be5 22. f4 Bc7 23. Nc3 Bd6 24. Kf3 Kf8 25. Be3 g6 26. Bd4 Nd7 27.
Ne4 Ke7 28. Ke3 f5 29. Ng5 h6 30. Nf3 Nb8 31. Bg7 h5 32. Be5 Nd7 33. Bxd6+ Kxd6
34. Nh4 Nf6 35. Kd4 Ng4 36. Nf3 a5 37. b3 Nf6 38. Ne5 Nd5 39. a4 bxa4 40. bxa4
h4 41. Nc4+ Kc7 42. Nxa5 hxg3 43. hxg3 Nb6 44. Ke5 Kd7 45. Nb3 Nxa4 46. Kf6 Kd6
47. Kxg6 Kd5 48. Kf6 Nc3 49. Nc1 Kd6 50. Kf7 Kd7 51. Nb3 Ne2 52. Nc5+ Kd6 53.
Nxe6 Nxg3 54. Kf6 Kd5 55. Ng7 Ne2 56. Nxf5 Nxf4 57. Ne3+ Kd4 1/2-1/2

[Event "II Festival Capo d'Orso"]
[Site "Portomannu - Palau ITA"]
[Date "2008.05.20"]
[Round "5"]
[White "Gulinelli, Euro"]
[Black "Savarese, Vincenzo"]
[Result "0-1"]
[WhiteElo "1658"]
[BlackElo "1830"]
[PlyCount "38"]
[EventDate "2008.05.17"]

1. e4 e6 2. d3 d5 3. Nd2 Nf6 4. e5 Nfd7 5. Ngf3 c5 6. c3 Nc6 7. d4 Qb6 8. Nb3
cxd4 9. cxd4 f6 10. exf6 Nxf6 11. Bd3 Bd6 12. O-O O-O 13. Bd2 e5 14. dxe5 Nxe5
15. Nxe5 Bxe5 16. Re1 Bxh2+ 17. Kf1 Qxf2+ 18. Kxf2 Ng4+ 19. Ke2 Rf2# 0-1

[Event "II Festival Capo d'Orso"]
[Site "Portomannu - Palau ITA"]
[Date "2008.05.20"]
[Round "5"]
[White "Haslinger, Stewart G."]
[Black "Cardili, Mariano"]
[Result "1-0"]
[WhiteElo "2500"]
[BlackElo "2118"]
[PlyCount "89"]
[EventDate "2008.05.17"]

1. e4 c6 2. d4 d5 3. e5 Bf5 4. Nd2 e6 5. Nb3 Nd7 6. Nf3 Qb6 7. Nh4 Bg6 8. Nxg6
hxg6 9. Be3 Nh6 10. f4 Nf5 11. Bf2 Be7 12. Bd3 Bh4 13. Qd2 Bxf2+ 14. Qxf2 Rc8
15. g4 Nh6 16. Rg1 c5 17. dxc5 Nxc5 18. Nxc5 Qxc5 19. Qxc5 Rxc5 20. Kf2 Ng8 21.
Kg3 Ne7 22. h4 Nc6 23. a3 Ke7 24. Rh1 a5 25. Kf2 b5 26. b4 Rc3 27. bxa5 Ra8 28.
h5 gxh5 29. gxh5 Rxa5 30. Rag1 Kf8 31. h6 gxh6 32. Rxh6 Ke7 33. Rg7 Raxa3 34.
Ke2 Nd8 35. Kd2 b4 36. Rh8 Rc5 37. Rgg8 Ra8 38. f5 Rac8 39. fxe6 fxe6 40. Rg7+
Nf7 41. Rhh7 Rf8 42. Bg6 d4 43. Rxf7+ Rxf7 44. Rxf7+ Kd8 45. Rf4 1-0

[Event "II Festival Capo d'Orso"]
[Site "Portomannu - Palau ITA"]
[Date "2008.05.20"]
[Round "5"]
[White "Jones, Alessandro"]
[Black "Ciobanu, Camelia-Adriana"]
[Result "1/2-1/2"]
[WhiteElo "1980"]
[BlackElo "2205"]
[PlyCount "49"]
[EventDate "2008.05.17"]

1. d4 e6 2. Nf3 Nf6 3. Bg5 d5 4. c4 Nbd7 5. cxd5 exd5 6. Nc3 Be7 7. e3 O-O 8.
Be2 c6 9. O-O Re8 10. Rb1 Nf8 11. Qc2 Bd6 12. b4 a6 13. a4 Ng6 14. b5 axb5 15.
axb5 h6 16. Bxf6 Qxf6 17. bxc6 bxc6 18. Rb6 Bf5 19. Bd3 Bg4 20. Be2 Re6 21. Rc1
Bxf3 22. Bxf3 Nh4 23. Be2 Bxh2+ 24. Kxh2 Qxf2 25. Bg4 1/2-1/2

[Event "II Festival Capo d'Orso"]
[Site "Portomannu - Palau ITA"]
[Date "2008.05.20"]
[Round "5"]
[White "Kekki, Petri"]
[Black "Friedrich, Norbert"]
[Result "0-1"]
[WhiteElo "2411"]
[BlackElo "2323"]
[PlyCount "66"]
[EventDate "2008.05.17"]

1. d4 d5 2. c4 e6 3. Nc3 c6 4. e4 Bb4 5. e5 c5 6. a3 Ba5 7. cxd5 exd5 8. Nf3
Nc6 9. Bb5 Nge7 10. O-O cxd4 11. Nxd4 O-O 12. Nxc6 bxc6 13. Bd3 Bf5 14. Bg5
Bxc3 15. bxc3 Bxd3 16. Qxd3 Qd7 17. Be3 Ng6 18. f4 f6 19. Bc5 Rfe8 20. exf6
gxf6 21. Bd4 Qd6 22. f5 Ne5 23. Qg3+ Kh8 24. Rae1 Re7 25. Qe3 Rae8 26. Bxe5
Rxe5 27. Qf2 Qxa3 28. Rxe5 Rxe5 29. Rb1 Qxc3 30. Rb8+ Kg7 31. Rb7+ Kf8 32. h3
Re1+ 33. Kh2 Qe5+ 0-1

[Event "II Festival Capo d'Orso"]
[Site "Portomannu - Palau ITA"]
[Date "2008.05.20"]
[Round "5"]
[White "Klings, Peter"]
[Black "Bruno, Fabio"]
[Result "0-1"]
[WhiteElo "2173"]
[BlackElo "2450"]
[PlyCount "84"]
[EventDate "2008.05.17"]

1. e4 c5 2. a3 e6 3. b4 b6 4. bxc5 bxc5 5. Nc3 Nc6 6. Nf3 Rb8 7. Bc4 g6 8. O-O
Bg7 9. Qe1 Qa5 10. Rb1 Rxb1 11. Nxb1 Qb6 12. Nc3 Na5 13. Be2 Ne7 14. d3 d6 15.
Bd2 Nac6 16. Qa1 O-O 17. Rb1 Qd8 18. Qa2 h6 19. Qc4 g5 20. Bd1 g4 21. Ne1 Qa5
22. Qb3 Ba6 23. Bxg4 Rb8 24. Qxb8+ Nxb8 25. Rxb8+ Kh7 26. Nb1 Qc7 27. Rb3 c4
28. dxc4 Qxc4 29. Rd3 Ng6 30. Be2 Qxe4 31. Re3 Qa4 32. Bxa6 Qxa6 33. Nf3 Qc4
34. Bc3 Qa2 35. Bxg7 Kxg7 36. Nbd2 Qxc2 37. g3 d5 38. h4 a5 39. Rb3 e5 40. Rb5
e4 41. Rxa5 exf3 42. Rxd5 Qd1+ 0-1